书目信息 |
| 题名: |
鞋王耐克
|
|
| 作者: | 斯特拉瑟 , Strasser , 贝克伦德 , Becklund , 朱莉·B.斯特拉瑟 著 ;孙康琦 , 余家驹 译 | |
| 分册: | ||
| 出版信息: | 上海 上海译文出版社 1997 |
|
| 页数: | 322页 | |
| 开本: | 20cm | |
| 丛书名: | ||
| 单 册: | ||
| 中图分类: | F471.268 | |
| 科图分类: | ||
| 主题词: | 制鞋工业-工业企业管理--经验--美国 , 工业企业管理-制鞋工业--经验--美国 | |
| 电子资源: | ||
| ISBN: | 7-5327-1998-7 | |
| 000 | 01357nam2 2200349 450 | |
| 001 | 073000002215 | |
| 005 | 20061010075956.77 | |
| 010 | @a7-5327-1998-7@dCNY18.60 | |
| 100 | @a20040226d ekmy0chiy0120 ea | |
| 101 | 1 | @achi@ceng |
| 102 | @aCN@b310000 | |
| 105 | @aac z 000yy | |
| 200 | 1 | @a鞋王耐克@Axie wang nai ke@e一个著名品牌的诞生@f(美)朱莉·B.斯特拉瑟(Julie B.Strasser),(美)劳里埃·贝克伦德(Laurie Becklund)著@F(mei)zhu li·B.si te la se(Julie B.Strasser),(mei)lao li ai·bei ke lun de(Laurie Becklund)zhu@g孙康琦,余家驹译 |
| 210 | @a上海@c上海译文出版社@d1997 | |
| 215 | @a322页@c照片及肖像@d20cm | |
| 300 | @a据美国哈考特·布雷斯·约万诺维奇出版公司1991年版译出 | |
| 300 | 2 | @a海外企业家丛书 |
| 410 | 0 | @12001 @a海外企业家丛书 |
| 517 | 1 | @a一个著名品牌的诞生@Ayi ge zhu ming pin pai de dan sheng |
| 606 | @a制鞋工业-工业企业管理@x经验@y美国 | |
| 606 | @a工业企业管理-制鞋工业@x经验@y美国 | |
| 690 | @aF471.268@v3 | |
| 701 | 1 | @a斯特拉瑟@Asi te la se@bJ.B.@4著 |
| 701 | 1 | @aStrasser@bJulie B.@4著 |
| 701 | 1 | @a贝克伦德@Abei ke lun de@bL.@4著 |
| 701 | 1 | @aBecklund@bLaurie@4著 |
| 701 | 0 | @a朱莉·B.斯特拉瑟@Azhu li·B.si te la se@bJulieB.Strasser@4著 |
| 702 | 0 | @a孙康琦@Asun kang qi@4译 |
| 702 | 0 | @a余家驹@Ayu jia ju@4译 |
| 801 | 2 | @aCN@bHX@c20061010 |
| 905 | @aBZT@dF471.268@e1 | |
| 906 | @dCNY18.60@n0@r1 | |
| 鞋王耐克:一个著名品牌的诞生/(美)朱莉·B.斯特拉瑟(Julie B.Strasser),(美)劳里埃·贝克伦德(Laurie Becklund)著/孙康琦,余家驹译.-上海:上海译文出版社,1997 |
| 322页:照片及肖像;20cm |
| 据美国哈考特·布雷斯·约万诺维奇出版公司1991年版译出.-海外企业家丛书 |
| ISBN 7-5327-1998-7:CNY18.60 |
| ● |
| 相关链接 |
|
|
|
正题名:鞋王耐克
索取号:F471.268/1
 
预约/预借
| 序号 | 登录号 | 条形码 | 馆藏地/架位号 | 状态 | 备注 |
| 1 | 424681 | 210519401 | 中心书库北库/ 北库018架A面2列4层19/ [索取号:F471.268/1] | 在馆 | |
| 2 | 424682 | 210519394 | 中心书库北库/ 北库018架A面2列4层17/ [索取号:F471.268/1] | 在馆 | |
| 3 | 424683 | 210519429 | 中心书库北库/ 北库018架A面2列4层13/ [索取号:F471.268/1] | 在馆 | |
| 4 | 424684 | 210519410 | 中心书库北库/ 北库018架A面2列4层14/ [索取号:F471.268/1] | 在馆 | |
| 5 | 424685 | 210519447 | 中心书库北库/ 北库018架A面2列4层21/ [索取号:F471.268/1] | 在馆 | |
| 6 | 424686 | 210519438 | 中心书库北库/ 北库018架A面2列4层11/ [索取号:F471.268/1] | 在馆 | |
| 7 | 424687 | 210519465 | 中心书库北库/ 北库018架A面2列4层15/ [索取号:F471.268/1] | 在馆 | |
| 8 | 424688 | 210519456 | 中心书库北库/ 北库018架A面2列4层12/ [索取号:F471.268/1] | 在馆 | |
| 9 | 424689 | 210519483 | 中心书库北库/ 北库018架A面2列4层20/ [索取号:F471.268/1] | 在馆 | |
| 10 | 424690 | 210519474 | 中心书库北库/ 北库018架A面2列4层16/ [索取号:F471.268/1] | 在馆 | |
| 11 | 491089 | 230021386 | 中心书库北库/ 北库018架A面2列4层22/ [索取号:F471.268/1] | 在馆 | |
| 12 | 491090 | 230021385 | 中心书库北库/ 北库018架A面2列4层9/ [索取号:F471.268/1] | 在馆 | |
| 13 | 491091 | 230021388 | 中心书库北库/ 北库018架A面2列4层23/ [索取号:F471.268/1] | 在馆 | |
| 14 | 491092 | 230021389 | 中心书库北库/ 北库018架A面2列4层18/ [索取号:F471.268/1] | 在馆 | |
| 15 | 491093 | 230021387 | 中心书库北库/ 北库018架A面2列4层10/ [索取号:F471.268/1] | 在馆 |